000 00555nam a2200193Ia 4500
003 GCL
008 140319s9999 xx 000 0 ara d
040 _aGCL /
_cGCL
082 0 4 _a155.5
_bي م
100 1 _aيسرى عبدالمحسن
245 1 0 _aالمراهقات والطب النفسى /
_cيسرى عبدالمحسن
300 _a178 ص
490 _aكتاب الحرية
_v0
650 0 4 _aعلم النفس
650 0 4 _aالمراهقة
650 0 4 _aالمراهقون
650 0 4 _aالمراهقة - علم نفس
942 _2ddc
_cBK
999 _c50377
_d50377